Environmental pollution and control (Record no. 42271)

MARC details
000 -LEADER
fixed length control field 00999nam a2200241 a 4500
008 - FIXED-LENGTH DATA ELEMENTS--GENERAL INFORMATION
fixed length control field 120626s1998 ||||||||||||||||| || u
020 ## - INTERNATIONAL STANDARD BOOK NUMBER
International Standard Book Number 0585244510 (electronic bk.)
020 ## - INTERNATIONAL STANDARD BOOK NUMBER
International Standard Book Number 0750698993 (acid-free paper)
050 ## - LIBRARY OF CONGRESS CALL NUMBER
Classification number TD 145 Pei
100 ## - MAIN ENTRY--PERSONAL NAME
Personal name Peirce, J. Jeffrey
245 10 - TITLE STATEMENT
Title Environmental pollution and control
Statement of responsibility, etc. by J. Jeffrey Peirce; Ruth F. Weiner; P. Aarne Vesilind
250 ## - EDITION STATEMENT
Edition statement 4th ed.
260 ## - PUBLICATION, DISTRIBUTION, ETC.
Place of publication, distribution, etc. Boston:
Name of publisher, distributor, etc. Butterworth-Heinemann
Date of publication, distribution, etc. 1998
300 ## - PHYSICAL DESCRIPTION
Extent xiv, 392p.: ill.
350 ## - PRICE (NR) (BK AM CF MU VM SE) [OBSOLETE]
Price 0.00
650 #0 - SUBJECT ADDED ENTRY--TOPICAL TERM
Topical term or geographic name entry element ENVIRONMENTAL ENGINEERING
700 ## - ADDED ENTRY--PERSONAL NAME
Personal name Vesilind, P. Aarne
700 ## - ADDED ENTRY--PERSONAL NAME
Personal name Weiner, Ruth F
856 ## - ELECTRONIC LOCATION AND ACCESS
Uniform Resource Identifier <a href="http://www.netLibrary.com/urlapi.asp?action=summary&v=1&bookid=34017">http://www.netLibrary.com/urlapi.asp?action=summary&v=1&bookid=34017</a>
856 ## - ELECTRONIC LOCATION AND ACCESS
Uniform Resource Identifier <a href="http://www.loc.gov/catdir/description/els032/97020292.html">http://www.loc.gov/catdir/description/els032/97020292.html</a>
856 ## - ELECTRONIC LOCATION AND ACCESS
Uniform Resource Identifier <a href="http://www.loc.gov/catdir/toc/els032/97020292.html">http://www.loc.gov/catdir/toc/els032/97020292.html</a>
995 ## - RECOMMENDATION 995 [LOCAL, UNIMARC FRANCE]
-- CBU-MAIN LIBRARY (Kitwe)
-- 0.00
-- 1
-- DAMAGED
-- Jun 26, 2012
-- Main Library Open Access Collection
Holdings
Withdrawn status Lost status Source of classification or shelving scheme Damaged status Not for loan Home library Current library Shelving location Date acquired Total Checkouts Full call number Barcode Date last seen Price effective from Koha item type
          CBU-MAIN LIBRARY, KITWE. CBU-MAIN LIBRARY, KITWE.   11/30/2022   TD 145 Pei 742930 11/30/2022 11/30/2022 MONOGRAPH